| 000 | 00456nam a2200157 i 4500 | ||
|---|---|---|---|
| 001 | 82296 | ||
| 003 | ES-MaACL | ||
| 005 | 20230906174641.0 | ||
| 007 | t| | ||
| 008 | 041108s1968 sp ||||1| spa d | ||
| 100 | 1 |
_aIglesias Viqueira, Víctor-Manuel. _965140 |
|
| 245 | 1 | 0 |
_aJohnny Pérez "El Caliente" / _cVíctor-Manuel Iglesias Viqueira. |
| 260 |
_aVigo : _bFaro de Vigo, _c[1968] |
||
| 300 |
_a88 p. ; _c17 cm. |
||
| 852 |
_aES-MaACL _jC-32686 _bR.66926 |
||
| 999 |
_c82296 _d82296 |
||